'T' Food Pictures Quiz Stats

 Plays Quiz Updated Dec 15, 2016

Support Sporcle.
Go Orange.
Score 0/20 Timer 05:00
6 Plays Today
Column 'T' Food % Correct
Column 3Tomato
98.7%
Column 1Taco
98.6%
Column 3Tea
96%
Column 4Toast
95.8%
Column 2Tuna
94.3%
Column 1Turkey
94.2%
Column 2Tangerine
92.2%
Column 4Turnips
82.5%
Column 1Tiramisu
78.4%
Column 2Tater Tots
78.4%
Column 'T' Food % Correct
Column 4Tofu
78.1%
Column 5Tortillas
76.8%
Column 2Toffee
75.3%
Column 3Tart
73.8%
Column 1Truffles
73.8%
Column 5Tortellini
70.1%
Column 3Taffy
68.3%
Column 4Thyme
68.1%
Column 5Trail Mix
67.4%
Column 5Tamales
45.5%

From the Vault

1980s #1 Songs per Letter

by phil_quiz

Music 8m
Break out your boombox and a square of cardboard for head-spins.
Remove Ads.
Support Sporcle.
Get the best of Sporcle when you Go Orange. This ad-free experience offers more features, more stats, and more fun while also helping to support Sporcle. Thank you for becoming a member.

Show Comments

Extras

Top Quizzes Today


Score Distribution

Your Account Isn't Verified!

In order to create a playlist on Sporcle, you need to verify the email address you used during registration. Go to your Sporcle Settings to finish the process.

Report this User

Report this user for behavior that violates our Community Guidelines.

Details: